BSOP header

How to be your own best friend / (Record no. 16012)

MARC details
000 -LEADER
fixed length control field 00546nam a2200169 4500
008 - FIXED-LENGTH DATA ELEMENTS--GENERAL INFORMATION
fixed length control field 030722s1971 us eng
020 ## - INTERNATIONAL STANDARD BOOK NUMBER
International Standard Book Number 0345243331
090 ## - LOCALLY ASSIGNED LC-TYPE CALL NUMBER (OCLC); LOCAL CALL NUMBER (OCLC)
Classification number (OCLC) (R) ; Classification number, CALL (RLIN) (NR) BF637.S4
Local cutter number (OCLC) ; Book number/undivided call number, CALL (RLIN) N46
100 1# - MAIN ENTRY--PERSONAL NAME
Personal name Newman, Mildred
245 10 - TITLE STATEMENT
Title How to be your own best friend /
Statement of responsibility, etc Mildred Newman and Bernard Berkowitz.
260 ## - PUBLICATION, DISTRIBUTION, ETC. (IMPRINT)
Place of publication, distribution, etc New York :
Name of publisher, distributor, etc Ballantine,
Date of publication, distribution, etc c1971.
300 ## - PHYSICAL DESCRIPTION
Extent 96 p.
650 #4 - SUBJECT ADDED ENTRY--TOPICAL TERM
Topical term or geographic name as entry element Self-actualization (Psychology).
650 #4 - SUBJECT ADDED ENTRY--TOPICAL TERM
Topical term or geographic name as entry element Self-esteem.
951 ## - EQUIVALENCE OR CROSS-REFERENCE-GEOGRAPHIC NAME/AREA NAME [OBSOLETE] [CAN/MARC only]
General subdivision 00013588
700 1# - ADDED ENTRY--PERSONAL NAME
Personal name Berkowitz, Bernard
951 ## - EQUIVALENCE OR CROSS-REFERENCE-GEOGRAPHIC NAME/AREA NAME [OBSOLETE] [CAN/MARC only]
-- 9818
-- BF637.S4/N46
-- 070613111254968
-- 2000-12-21
-- GC
Holdings
Withdrawn status Lost status Damaged status Not for loan Home library Current library Shelving location Date acquired Accession number Shelving control number Total Checkouts Full call number Barcode Date last seen Price effective from Koha item type
        BSOP Library BSOP Library GC 12/21/2000 9818 127   BF637.S4/N46 00013588 02/23/2013 02/23/2013 Books
BSOP

Biblical Seminary of the Philippines
  All rights Reserved
  © 2024

CONTACT INFORMATION

Biblical Seminary of the Philippines,
  77-B Karuhatan Road, Valenzuela City,
  PHILIPPINES 1441
  Phone: +632 8292-6795 / 8292-6798
  Fax : +632 8292-6675
  Email: library@bsop.edu.ph